| 000 | 00557nam a2200181Ia 4500 | ||
|---|---|---|---|
| 003 | GCL | ||
| 008 | 140319s9999 xx 000 0 ara d | ||
| 040 |
_aGCL / _cGCL |
||
| 082 | 0 | 4 |
_a796.32 _bم ح |
| 100 | 1 | _aمختار سالم | |
| 245 | 1 | 0 |
_aحول الكرة الطائرة . / _cمختار سالم |
| 260 |
_a[S.N] : _bمؤسسة المعارف للطباعة والنشر ، _c1991 |
||
| 300 | _a255 ص | ||
| 490 | _a | ||
| 650 | 0 | 4 | _aالكرة الطائرة - تحكيم |
| 650 | 0 | 4 | _aالكرة الطائرة - تدريب |
| 942 |
_2ddc _cBK |
||
| 999 |
_c30939 _d30939 |
||